000 00459nam a2200169 4500
001 144132
003 ES-MaACL
005 20230906200942.0
007 t|
008 070214s1954 xxu r ||||1| eng d
100 1 _aSidneykrech, Hilda.
_9106208
245 1 0 _aTo wake in the morning /
_cHilda Sidneykrech.
250 _a1ยช. ed.
260 _aNew York :
_bMacmillan and Co.,
_c1954.
300 _a342 p. ;
_c22 cm.
852 _aES-MaACL
_jF-14690
_bR.53684
999 _c144132
_d144132